ბათუმის შოთა რუსთაველის სახელმწიფო უნივერსიტეტის ბიბლიოთეკა

საქმიანი ქაღალდების წაკითხვა და შექმნა : (ბიბ.ჩანაწერი № 62515)

000 -ლიდერი
ფიქსირებული სიგრძის საკონტროლო ველი 01398nam a22002417a 4500
003 - საკონტროლო ნომრის იდენტიფიკატორი
საკონტროლო ველი Ge_BSU
005 - ბოლო ოპერაციის თარიღი და დრო
საკონტროლო ველი 20241125112221.0
008 - ფიქსირებული სიგრძის მონაცემთა ელემენტები - ზოგადი ინფორმაცია
ფიქსირებული სიგრძის საკონტროლო ველი 241125s2009 ge ||||| |||| 00| 0 geo d
020 ## - წიგნის საერთაშორისო სტანდარტული ნომერი
International Standard Book Number 9789941014918
041 ## - ენის კოდი
Language code of text/sound track or separate title geo
080 ## - უნივერსალური ათობითი კლასიფიკაციის ინდექსი
Universal Decimal Classification number 005.92 ჯ-27
100 ## - მთავარი ჩანაწერი - პიროვნების სახელი
Personal name ჯაყელი, თამარ.
9 (RLIN) 2711
245 ## - ცნობა სათაურის შესახებ
Title საქმიანი ქაღალდების წაკითხვა და შექმნა :
Remainder of title [დამხმ. სახელმძღვ. სკოლის არაქართულენოვანი თანამშრომლებისათვის /
Statement of responsibility, etc ავტ.: თამარ ჯაყელი, მაია მელიქიძე ; რედ. ქეთევან დათუკიშვილი] ;
264 ## - წარმოების, გამოცემის, დისტრიბუციის და სხვა ცნობები
გამოცემის, წარმოების, დისტრიბუციის... ადგილი თბილისი,
გამოცემის, წარმოების, დისტრიბუციის... თარიღი 2009.
300 ## - ფიზიკური აღწერა
Extent 158გვ. ;
Other physical details 29 სმ.
500 ## - ზოგადი შენიშვნა
General note ავტ. მითით. თავფურც. მე-2 გვ.
653 ## - INDEX TERM--UNCONTROLLED
Uncontrolled term საქმიანი ქაღალდების შედგენა.
653 ## - INDEX TERM--UNCONTROLLED
Uncontrolled term მენეჯმენტი
700 ## - ADDED ENTRY--PERSONAL NAME
Personal name მელიქიძე, მაია
9 (RLIN) 2712
700 ## - ADDED ENTRY--PERSONAL NAME
Personal name დათუკიშვილი, ქეთევან
Relator term რედაქტორი
9 (RLIN) 2712
710 ## - ADDED ENTRY--CORPORATE NAME
Corporate name or jurisdiction name as entry element ეროვნ. სასწ. გეგმებისა და შეფასების ცენტრი.
9 (RLIN) 23777
942 ## - ADDED ENTRY ELEMENTS (KOHA)
Source of classification or shelving scheme
Koha item type წიგნი
ეგზემპლარები
ჩამოწერის სტატუსი დაკარგული ეგზემპლარის სტატუსი კლასიფიკაციის წყარო ან თაროზე გაწყობის სქემა დაზიანების სტატუსი არ გაიცემა მუდმივი მდებარეობა (დაცვის ადგილი) ამჟამინდელი ადგილსამყოფელი თაროზე განთავსების ადგილი შეძენის თარიღი ღირებულება, შესყიდვის ნორმალური ფასი სრული შენახვის შიფრი შტრიხკოდი ბოლო ოპერაციის თარიღი ეგზემპლარის მიმდევრობითი ნომერი (კეტერი?) ფასის ძალაში შესვლის თარიღი ეგზემპლარის სახეობა საჯარო შენიშვნა
          ბათუმის შოთა რუსთაველის სახელმწიფო უნივერსიტეტის მთავარი ბიბლიოთეკა ბათუმის შოთა რუსთაველის სახელმწიფო უნივერსიტეტის მთავარი ბიბლიოთეკა წიგნსაცავი 2024-11-25 10.00 005.92 ჯ-27 69845 2024-11-25 69845 2024-11-25 წიგნი 10.00